00758cam a2200217 a 4500001001000000003000400010005001700014008004000031040002500071100003500096245007100131260004800202300002500250490003700275590002700312830004000339910001500379942001300394952011600407999001700523000008070OSt20201005104210.0920326s1996 dr a 000 f spa  aDO-SdBNPbspacBNPHU1 aCáceres Mendoza, Fran92197813aEl ambiente y el Micro-Sistema sanitario /cFran Cáceres Mendoza aSanto Domingo :bCiudad Alternativa,c1996. a16 p. ;c20 cm.bil.1 ael espacio en que vivimos ;v1 ; aInventariado, 2020/ YL 0aEl espacio en que vivimosn1921979 aEn proceso 2ddccLF1 00102ddc718PDaBNPHUbBNPHUcCTd2016-10-13eFrancisco Cáceresl0p2020-0080r2020-10-05w2020-10-05yLFPD c48813d48813